00776nam a2200205 4500001000700000003000900007005001700016007000300033008004100036100002900077245014200106250001300248260003200261300002900293700003900322700003600361852003200397999001900429952012200448148427ES-MaACL20230906202627.0t|070214s1973 sp r ||||1| spa d1 aStein, Ekkehart.910802410aDerecho político / cEkkehart Stein ; traducción del alemán de Fernando Sainz Moreno ; nota preliminar de Francisco Rubio Llorente. a1ª. ed. aMadrid : bAguilar, c1973. aXXXVI, 322 p. ; c24 cm.1 aRubio Llorente, Francisco.91004241 aSainz Moreno, Fernando.9101603 aES-MaACLjC-54721 bR.87255 c148427d148427 00104070aATENEOMbATENEOMcDEPO2d2008-01-17eSCl0oC-54721p1154898r2023-02-23 00:00:00w2023-02-23yMONOGRAFIA